|
|
|
|
| LEADER |
00000cam a22000004a 4500 |
| 001 |
musev2_103752 |
| 003 |
MdBmJHUP |
| 005 |
20230905053832.0 |
| 006 |
m o d |
| 007 |
cr||||||||nn|n |
| 008 |
230301s2023 mnu o 00 0 eng d |
| 010 |
|
|
|z 2022053770
|
| 020 |
|
|
|a 9781452970080
|
| 020 |
|
|
|z 9781517912840
|
| 035 |
|
|
|a (OCoLC)1378392593
|
| 040 |
|
|
|a MdBmJHUP
|c MdBmJHUP
|
| 100 |
1 |
|
|a Schumacher, Michael,
|d 1950-
|e author.
|
| 245 |
1 |
0 |
|a Too Much Sea for Their Decks :
|b Shipwrecks of Minnesota's North Shore and Isle Royale /
|c Michael Schumacher.
|
| 264 |
|
1 |
|a Minneapolis, MN :
|b University of Minnesota Press,
|c [2023]
|
| 264 |
|
3 |
|a Baltimore, Md. :
|b Project MUSE,
|c 2023
|
| 264 |
|
4 |
|c ©[2023]
|
| 300 |
|
|
|a 1 online resource (280 pages).
|
| 336 |
|
|
|a text
|b txt
|2 rdacontent
|
| 337 |
|
|
|a computer
|b c
|2 rdamedia
|
| 338 |
|
|
|a online resource
|b cr
|2 rdacarrier
|
| 520 |
|
|
|a "Against the backdrop of the extraordinary history of Great Lakes shipping, Too Much Sea for Their Decks chronicles shipwrecked schooners, wooden freighters, early steel-hulled steamers, passenger vessels, whalebacks, and bulk carriers-some well known, some unknown or forgotten-all lost in the frigid waters of Lake Superior"--
|c Provided by publisher.
|
| 588 |
|
|
|a Description based on print version record.
|
| 650 |
|
0 |
|a Shipwrecks
|z Great Lakes (North America)
|x History.
|
| 650 |
|
0 |
|a Shipwreck survival
|z Superior, Lake
|x History.
|
| 650 |
|
0 |
|a Shipwrecks
|z Superior, Lake
|x History.
|
| 651 |
|
0 |
|a Great Lakes (North America)
|x History.
|
| 651 |
|
0 |
|a Superior, Lake
|x History.
|
| 655 |
|
7 |
|a Electronic books.
|2 local
|
| 710 |
2 |
|
|a Project Muse.
|e distributor
|
| 830 |
|
0 |
|a Book collections on Project MUSE.
|
| 856 |
4 |
0 |
|z Texto completo
|u https://projectmuse.uam.elogim.com/book/103752/
|
| 945 |
|
|
|a Project MUSE - Custom Collection
|
| 945 |
|
|
|a Project MUSE - 2023 Complete
|
| 945 |
|
|
|a Project MUSE - 2023 US Regional Studies, Midwest
|